ASOIAF: Pick the Coats of Arms Quiz Stats

 Plays Quiz Updated Jul 13, 2017

Support Sporcle.
Go Orange.
Score 0/9 Timer 03:00
1 Play Today
% Correct
Baratheon
94.2%
Stark
89.9%
Targaryen
89.9%
Lannister
89.8%
Arryn
88.2%
Tully
87.4%
Greyjoy
86.4%
Tyrell
85.4%
Martell
85%

You're not logged in!

Compare scores with friends on all Sporcle quizzes.
OR
Log In
Forgot?

From the Vault

The Big Board: Holidays

by bhenderson79

A big board of holiday cheer.
Remove Ads.
Support Sporcle.
Get the best of Sporcle when you Go Orange. This ad-free experience offers more features, more stats, and more fun while also helping to support Sporcle. Thank you for becoming a member.

Show Comments

Extras

Top Quizzes Today


Score Distribution

Your Account Isn't Verified!

In order to create a playlist on Sporcle, you need to verify the email address you used during registration. Go to your Sporcle Settings to finish the process.

Report this User

Report this user for behavior that violates our Community Guidelines.

Details: